skbl

Dr Suryya Kumar Bhuyan Library Web-OPAC
ডঃ সূৰ্য্য
কুমাৰ ভূঞা পুথিভঁৰাল ৱেব-অ'পেক

All Research Scholars are advised to clear the annual library fees to continue using Library Resources, Remote Access, Plagiarism Test and Library Clearance.

Cotton University Book Fair 2026

Kabi aru Kabita (Record no. 58456)

MARC details
000 -LEADER
fixed length control field 00530nam a2200193Ia 4500
001 - CONTROL NUMBER
control field 58564
008 - FIXED-LENGTH DATA ELEMENTS--GENERAL INFORMATION
fixed length control field 150512n ii |||gr||||Z||||||asm
020 ## - INTERNATIONAL STANDARD BOOK NUMBER
International Standard Book Number 81-7339-107-6
082 ## - DEWEY DECIMAL CLASSIFICATION NUMBER
Classification number 891.41109
245 #0 - TITLE STATEMENT
Title Kabi aru Kabita
Statement of responsibility, etc. Nanda Talukdar
Medium Textual Documents
250 ## - EDITION STATEMENT
Edition statement 5th edn.
260 ## - PUBLICATION, DISTRIBUTION, ETC.
Place of publication, distribution, etc. Assam
Name of publisher, distributor, etc. Banalata
Date of publication, distribution, etc. 2011.
300 ## - PHYSICAL DESCRIPTION
Extent 214pg:
Dimensions 23cm.
653 ## - INDEX TERM--UNCONTROLLED
Uncontrolled term Collection of Essays ---Different Aspect of Assamese Poetry
653 ## - INDEX TERM--UNCONTROLLED
Uncontrolled term Assamese
653 ## - INDEX TERM--UNCONTROLLED
Uncontrolled term Deptt-Assamese
700 ## - ADDED ENTRY--PERSONAL NAME
Personal name Talukdar,Nanda .
942 ## - ADDED ENTRY ELEMENTS (KOHA)
Source of classification or shelving scheme Dewey Decimal Classification
Koha item type Books
Holdings
Withdrawn status Lost status Damaged status Not for loan Collection Home library Current library Shelving location Date acquired Coded location qualifier Cost, normal purchase price Total checkouts Full call number Barcode Date last seen Copy number Price effective from Koha item type
          Dr. Suryya Kumar Bhuyan Library Dr. Suryya Kumar Bhuyan Library   12/05/2015 00000 90.00   891.41109 Ta 329 Ka 6242/as 14/01/2024 1 12/05/2015 Books

Designed and Maintained by Team SKBL
©1901-2026

Powered by Koha